000 00376 a2200157 4500
001 177009
020 _a
040 _cMagnum
100 _a-
240 1 0 _aConte outra vez: o gato de botas/os tres musicos
_lpor
245 1 0 _aConte outra vez: o gato de botas/os tres musicos
362 0 _a1899
440 1 _aGlobo
697 _aMAGNITO: IJ/FADAS, FANTASIA
942 _cBK
999 _c177009
_d177009